Electrical engineering materials./ (Record no. 7230)
[ view plain ]
| 000 -LEADER | |
|---|---|
| fixed length control field | 00629nac a22001931u 4500 |
| 010 ## - LIBRARY OF CONGRESS CONTROL NUMBER | |
| LC control number | 59008168 |
| 035 ## - SYSTEM CONTROL NUMBER | |
| System control number | (OCoLC)1577170 |
| 082 ## - DEWEY DECIMAL CLASSIFICATION NUMBER | |
| Classification number | 621.3 |
| Item number | DEK |
| 090 ## - LOCALLY ASSIGNED LC-TYPE CALL NUMBER (OCLC); LOCAL CALL NUMBER (OCLC) | |
| -- | 7230 |
| -- | 7230 |
| 100 ## - MAIN ENTRY--PERSONAL NAME | |
| Personal name | Dekker, Adrianus J. |
| 245 10 - TITLE STATEMENT | |
| Title | Electrical engineering materials./ |
| Statement of responsibility, etc | A. J. Dekker |
| 260 ## - PUBLICATION, DISTRIBUTION, ETC. (IMPRINT) | |
| Place of publication, distribution, etc | Englewood Cliffs, N.J., |
| Name of publisher, distributor, etc | Prentice-Hall,1959 |
| Date of publication, distribution, etc | 1959. |
| 300 ## - PHYSICAL DESCRIPTION | |
| Extent | 208 p. |
| Other physical details | illus. |
| Dimensions | 24 cm. |
| 440 #0 - | |
| -- | Prentice-Hall electrical engineering series |
| 500 ## - GENERAL NOTE | |
| General note | distributer: Al-Ahram |
| 511 ## - PARTICIPANT OR PERFORMER NOTE | |
| Participant or performer note | catalogued by: wessam |
| 650 #0 - SUBJECT ADDED ENTRY--TOPICAL TERM | |
| Topical term or geographic name as entry element | Electric engineering |
| General subdivision | Materials. |
| 942 ## - ADDED ENTRY ELEMENTS (KOHA) | |
| Item type | Book - Borrowing |
| Call number prefix | 621.3DEK |
| Withdrawn status | Item status | Damaged status | Not for loan | Home library | Current library | Shelving location | Date acquired | Source of acquisition | Total Checkouts | Full call number | Barcode | Date last seen | Koha item type |
|---|---|---|---|---|---|---|---|---|---|---|---|---|---|
| Central Library | Central Library | First floor | 08/01/2016 | Purchase | 621.3DEK | 000008771 | 15/07/2025 | Book - Borrowing |